000 00383 a2200145 4500
005 20250625083335.0
020 _a0-8384-2938-6
082 _a428.34 ROO
100 _aROOKS, G.
245 _aThe Non -Stop Discussion WorkBook.
250 _a2nd Ed.
260 _aNew York,
_bHeinle & Heinle Publisher,
_c1988.
300 _axii.; 162p.; picture,
_bGlossary,
_c28cm.
942 _2ddc
_cBKS
999 _c4957
_d4957